000 00790nas a2200289 4500
001 BR0202349
003 BR-BrBNA
005 20231205102946.0
007 ta
008 230509b bl.|||p| |||| 00| 00por d
040 _aBR-BrBNA
_bpor
_cBiblioteca Nacional de Agricultura
041 _a(Pt)
072 _aF02
100 1 _aCanizares, K.A.L.
100 1 _aGoto, R.
245 1 _aComparação de métodos de enxertia em pepino
650 _aPEPINO
650 _aENXERTO
650 _aABÓBORA MENINA
650 _aCRESCIMENTO
650 _aFLORAÇÃO
650 _aQUALIDADE
650 _aMÉTODO
773 0 _tHorticultura Brasileira (Brazil)
_xISSN 0102-0536
_g(Mar 2002), v. 20(1) p. 95-99
_wBR0202349
909 _a202311
_bLúcia
_c55
_dLúcia Elande
942 _2AGRIS
_n0
_cANA
999 _c170277
_d170277